| 000 | 00414 a2200181 4500 | ||
|---|---|---|---|
| 003 | OSt | ||
| 005 | 20180116182736.0 | ||
| 008 | 160503b xxu||||| |||| 00| 0 eng d | ||
| 020 | _a0750619147 | ||
| 040 | _c0 | ||
| 082 | _a658.478 POU 1994 | ||
| 100 | _aDr. Chris | ||
| 245 |
_aManaging data protection _cDr. Chris |
||
| 250 | _a2nd | ||
| 260 | _c1994 | ||
| 300 | _a458 | ||
| 942 |
_aNBS _cBK _k658.478 POU _2ddc |
||
| 999 |
_c345224 _d345224 |
||